[Event "FRA-chT2 West 0809"]
[Site "France"]
[Date "2009.02.08"]
[Round "7.7"]
[White "Lecuyer, Christian"]
[Black "Bergez, Luc"]
[Result "0-1"]
[WhiteElo "2257"]
[BlackElo "2361"]
[PlyCount "68"]
[EventDate "2008.10.19"]
[EventType "tourn"]
[EventRounds "11"]
[EventCountry "FRA"]
[SourceTitle "EXT 2010"]
[Source "ChessBase"]
[SourceDate "2010.11.25"]
[SourceVersion "1"]
[SourceVersionDate "2010.11.25"]
[SourceQuality "1"]
[WhiteTeam "Stade Francais Jeen"]
[BlackTeam "Evry Grand Roque II"]
[WhiteTeamCountry "FRA"]
[BlackTeamCountry "FRA"]

1. c4 Nf6 2. Nc3 g6 3. g3 e5 4. Bg2 Bg7 5. d3 0-0 6. e4 d6 7. Nge2 Nc6 8. 0-0 Nh5 9. Nd5 f5 10. Rb1 f4 11. gxf4 Qh4 12. f5 gxf5 13. Ng3 Nf4 14. Bxf4 exf4 15. Qh5 Qxh5 16. Nxh5 Be5 17. Kh1 Rf7 18. exf5 Rxf5 19. Bf3 Nd4 20. Bg4 Rf7 21. Rg1 Kh8 22. Bxc8 Rxc8 23. Rg4 Rcf8 24. Rh4 c6 25. Nc3 Rg8 26. Rh3 Rf5 27. Rg1 Rfg5 28. Rxg5 Rxg5 29. Ne4 Rg6 30. Nd2 Rg4 31. b3 a5 32. f3 Rg6 33. Rh4 Nf5 34. Rh3 Bd4 0-1

[Event "FRA-chT1B 0607"]
[Site "France"]
[Date "2006.11.25"]
[Round "2.4"]
[White "Lecuyer, Christian"]
[Black "Spielmann, Alain"]
[Result "0-1"]
[WhiteElo "2228"]
[BlackElo "2247"]
[PlyCount "108"]
[EventDate "2006.10.15"]
[EventType "team-tourn"]
[EventRounds "11"]
[EventCountry "FRA"]
[SourceTitle "EXT 2008"]
[Source "ChessBase"]
[SourceDate "2007.11.25"]
[SourceVersion "1"]
[SourceVersionDate "2007.11.25"]
[SourceQuality "1"]
[WhiteTeam "Paris Chess Club II"]
[BlackTeam "Epinal"]
[WhiteTeamCountry "FRA"]
[BlackTeamCountry "FRA"]

1. c4 e6 2. Nf3 f5 3. g3 Nf6 4. Bg2 d5 5. 0-0 c6 6. d4 Bd6 7. b3 Qe7 8. Bb2 0-0 9. Qc1 b6 10. Ba3 Bb7 11. Bxd6 Qxd6 12. Qa3 Ne4 13. Qxd6 Nxd6 14. Ne5 Nf7 15. Nxf7 Kxf7 16. Nd2 Nd7 17. Nf3 Kf6 18. Rac1 Rac8 19. Rfd1 Rfd8 20. h4 dxc4 21. Rxc4 c5 22. Rdc1 b5 23. R4c3 b4 24. R3c2 Be4 25. Rd2 Bd5 26. Ng5 h6 27. e4 fxe4 28. Nxe4+ Bxe4 29. Bxe4 Nb6 30. Rcd1 c4 31. bxc4 Rxc4 32. Bc2 a5 33. Bb3 Rc6 34. Rc2 Rxc2 35. Bxc2 Nd5 36. Rd3 Nc3 37. Rf3+ Ke7 38. Bg6 Rf8 39. Re3 Nxa2 40. Re5 a4 41. f4 Kd6 42. Ra5 Nc3 43. Kf2 Rc8 44. Ke3 b3 45. Ra6+ Rc6 46. Rxc6+ Kxc6 47. Kd3 Nb5 48. Kc4 Kb6 49. g4 Ka5 50. Bd3 b2 51. Kc5 a3 52. Bb1 Nc3 53. f5 exf5 54. d5 a2 0-1

[Event "FRA-chT1B 0607"]
[Site "France"]
[Date "2006.11.06"]
[Round "3.4"]
[White "Sermier, Guillaume"]
[Black "Lecuyer, Christian"]
[Result "1-0"]
[WhiteElo "2366"]
[BlackElo "2228"]
[PlyCount "85"]
[EventDate "2006.10.15"]
[EventType "team-tourn"]
[EventRounds "11"]
[EventCountry "FRA"]
[SourceTitle "EXT 2008"]
[Source "ChessBase"]
[SourceDate "2007.11.25"]
[SourceVersion "1"]
[SourceVersionDate "2007.11.25"]
[SourceQuality "1"]
[WhiteTeam "Besancon TPG"]
[BlackTeam "Paris Chess Club II"]
[WhiteTeamCountry "FRA"]
[BlackTeamCountry "FRA"]

1. e4 c5 2. Nf3 e6 3. d4 cxd4 4. Nxd4 a6 5. c4 Nf6 6. Nc3 Bb4 7. Bd3 Qc7 8. 0-0 Nc6 9. Nxc6 dxc6 10. Be3 Bxc3 11. bxc3 e5 12. h3 Be6 13. f4 exf4 14. Bxf4 Qb6+ 15. Kh1 0-0-0 16. Qf3 Qc5 17. Bh2 Nd7 18. Qg3 Ne5 19. Be2 Rd2 20. Qxg7 Re8 21. Bxe5 Rxe2 22. Bh2 b5 23. cxb5 cxb5 24. a4 Rxe4 25. axb5 Bc4 26. Rfd1 Bxb5 27. Qxf7 Qe7 28. Qf5+ Qe6 29. Qc5+ Qc6 30. Qxc6+ Bxc6 31. Rxa6 Kb7 32. Ra2 Re2 33. Rb1+ Kc8 34. Rb8+ Kd7 35. Ra7+ Ke6 36. Rxe8+ Bxe8 37. Rxh7 Re1+ 38. Bg1 Rc1 39. Rc7 Kd6 40. Rc4 Bc6 41. Rd4+ Ke5 42. Rd3 Be4 43. Rg3 1-0

[Event "FRA-chT2B 0506"]
[Site "France"]
[Date "2006.03.11"]
[Round "8.5"]
[White "Lecuyer, Christian"]
[Black "Prevot, Emmanuel"]
[Result "1-0"]
[WhiteElo "2230"]
[BlackElo "2230"]
[PlyCount "93"]
[EventDate "2005.10.27"]
[EventType "team-tourn"]
[EventRounds "11"]
[EventCountry "FRA"]
[SourceTitle "EXT 2006"]
[Source "ChessBase"]
[SourceDate "2005.11.24"]
[SourceVersion "1"]
[SourceVersionDate "2005.11.24"]
[SourceQuality "1"]
[WhiteTeam "Paris NAO II"]
[BlackTeam "Rosny sous Bois"]
[WhiteTeamCountry "FRA"]
[BlackTeamCountry "FRA"]

1. c4 e5 2. Nc3 Nc6 3. g3 Nf6 4. Bg2 Bc5 5. d3 0-0 6. e3 d6 7. Nge2 a6 8. 0-0 Ba7 9. h3 h6 10. Rb1 Be6 11. Nd5 Nh7 12. b4 Rb8 13. a4 Qd7 14. Kh2 Ne7 15. b5 axb5 16. axb5 Nxd5 17. cxd5 Bf5 18. Nc3 Bb6 19. Na4 Ba5 20. Qb3 Ra8 21. Nb2 Ra7 22. Nc4 Rfa8 23. e4 Bg6 24. Be3 b6 25. f4 f6 26. Rf2 Be8 27. d4 exf4 28. gxf4 Bf7 29. e5 Qe7 30. e6 Bh5 31. f5 Nf8 32. Ra1 Qd8 33. Rfa2 Kh7 34. Be4 Kh8 35. Rg2 Nh7 36. h4 Qe7 37. Rga2 Qd8 38. Nxa5 bxa5 39. Bd2 Qb8 40. Rxa5 Rxa5 41. Rxa5 Kg8 42. Qc4 Ra7 43. Bd3 Qa8 44. Ra6 Kf8 45. Qc6 Qb8 46. b6 cxb6 47. Bb4 1-0

[Event "FRA-chT2B 0506"]
[Site "France"]
[Date "2006.01.15"]
[Round "6.6"]
[White "Lecuyer, Christian"]
[Black "Leitner, Walter"]
[Result "1-0"]
[WhiteElo "2230"]
[BlackElo "2115"]
[PlyCount "65"]
[EventDate "2005.10.27"]
[EventType "team-tourn"]
[EventRounds "11"]
[EventCountry "FRA"]
[SourceTitle "EXT 2006"]
[Source "ChessBase"]
[SourceDate "2005.11.24"]
[SourceVersion "1"]
[SourceVersionDate "2005.11.24"]
[SourceQuality "1"]
[WhiteTeam "Paris NAO II"]
[BlackTeam "Gif sur Yvette"]
[WhiteTeamCountry "FRA"]
[BlackTeamCountry "FRA"]

1. c4 c6 2. e4 d5 3. exd5 cxd5 4. cxd5 Nf6 5. Nc3 Nxd5 6. Nf3 e6 7. d4 Be7 8. Bd3 0-0 9. 0-0 Nc6 10. Re1 Bf6 11. Be4 Nce7 12. Qd3 h6 13. Be3 Bd7 14. Qd2 Nxe3 15. Qxe3 Bc6 16. Ne5 Bd5 17. Ng4 Bg5 18. f4 Bh4 19. g3 Bxe4 20. Qxe4 Bf6 21. Nxf6+ gxf6 22. Rad1 Qb6 23. Na4 Qc6 24. Nc5 Qxe4 25. Rxe4 b6 26. Nd7 Rfc8 27. Nxf6+ Kg7 28. Nh5+ Kg6 29. g4 Nd5 30. Re5 Rc2 31. f5+ exf5 32. Rxd5 fxg4 33. Rf1 1-0

[Event "FRA-chT2B 0506"]
[Site "France"]
[Date "2005.10.16"]
[Round "1.6"]
[White "Lecuyer, Christian"]
[Black "Sobry, Sebastien"]
[Result "1-0"]
[WhiteElo "2230"]
[BlackElo "2107"]
[PlyCount "93"]
[EventDate "2005.10.27"]
[EventType "team-tourn"]
[EventRounds "11"]
[EventCountry "FRA"]
[SourceTitle "EXT 2006"]
[Source "ChessBase"]
[SourceDate "2005.11.24"]
[SourceVersion "1"]
[SourceVersionDate "2005.11.24"]
[SourceQuality "1"]
[WhiteTeam "Paris NAO II"]
[BlackTeam "Lille"]
[WhiteTeamCountry "FRA"]
[BlackTeamCountry "FRA"]

1. c4 Nf6 2. Nc3 g6 3. d4 c5 4. d5 d6 5. e4 Bg7 6. Nf3 0-0 7. h3 Nfd7 8. Bd3 Na6 9. 0-0 Nb6 10. Bg5 Re8 11. Qd2 Bd7 12. Rfe1 Qc7 13. Rad1 Nb4 14. Bf1 Na4 15. Nxa4 Bxa4 16. b3 Bd7 17. a3 Na6 18. Bh6 Rab8 19. Bxg7 Kxg7 20. e5 dxe5 21. Rxe5 f6 22. Rxe7+ Rxe7 23. d6 Qb6 24. dxe7 Be8 25. Qc3 Kf7 26. g4 Kxe7 27. g5 Kf7 28. Bg2 Qe6 29. gxf6 Qxf6 30. Qe3 Kg7 31. Ng5 Kh8 32. Qg3 Bc6 33. Bxc6 Qxc6 34. Rd6 Qe8 35. Qc3+ Kg8 36. Qf6 Nc7 37. Kg2 Rc8 38. h4 Qf8 39. Qxf8+ Kxf8 40. Rd7 Kg8 41. Nxh7 Ne6 42. Rxb7 Rc7 43. Rxc7 Nxc7 44. Ng5 Kf8 45. Kf3 Ke7 46. Kf4 Ne8 47. Ne4 1-0

[Event "FRA-chT2 0405"]
[Site "France"]
[Date "2005.03.12"]
[Round "8.3"]
[White "Lecuyer, Christian"]
[Black "Dallet, Didier"]
[Result "1-0"]
[WhiteElo "2216"]
[BlackElo "2090"]
[PlyCount "59"]
[EventDate "2004.10.10"]
[EventType "team-tourn"]
[EventRounds "11"]
[EventCountry "FRA"]
[SourceTitle "EXT 2006"]
[Source "ChessBase"]
[SourceDate "2005.11.24"]
[SourceVersion "1"]
[SourceVersionDate "2005.11.24"]
[SourceQuality "1"]
[WhiteTeam "Paris NAO II"]
[BlackTeam "Checy"]
[WhiteTeamCountry "FRA"]
[BlackTeamCountry "FRA"]

1. c4 e6 2. Nc3 Bb4 3. Nf3 b6 4. g3 Bb7 5. Bg2 f5 6. 0-0 Nf6 7. Qb3 a5 8. a3 Bxc3 9. Qxc3 0-0 10. b3 Qe7 11. Bb2 d6 12. d3 Nbd7 13. b4 Qe8 14. Rae1 e5 15. e4 Qh5 16. Nh4 axb4 17. axb4 fxe4 18. dxe4 g5 19. Nf5 Nxe4 20. Ne7+ Kf7 21. Bxe4 Bxe4 22. Rxe4 Kxe7 23. c5 Rf3 24. cxd6+ cxd6 25. Qc7 g4 26. Rd1 Rf6 27. Bxe5 Re6 28. Bxd6+ Kf6 29. Rxe6+ Kxe6 30. Re1+ 1-0

[Event "FRA-chT2 0405"]
[Site "France"]
[Date "2004.10.10"]
[Round "1.4"]
[White "Montheard, Xavier"]
[Black "Lecuyer, Christian"]
[Result "0-1"]
[WhiteElo "2260"]
[BlackElo "2219"]
[PlyCount "92"]
[EventDate "2004.10.10"]
[EventType "team-tourn"]
[EventRounds "11"]
[EventCountry "FRA"]
[SourceTitle "EXT 2006"]
[Source "ChessBase"]
[SourceDate "2005.11.24"]
[SourceVersion "1"]
[SourceVersionDate "2005.11.24"]
[SourceQuality "1"]
[WhiteTeam "Paris Chess XV I"]
[BlackTeam "Paris NAO II"]
[WhiteTeamCountry "FRA"]
[BlackTeamCountry "FRA"]

1. e4 e5 2. Nf3 Nc6 3. Bb5 g6 4. 0-0 Bg7 5. c3 d6 6. d4 Bd7 7. Re1 Qe7 8. Bg5 Nf6 9. Nbd2 h6 10. Bh4 a6 11. Bxc6 Bxc6 12. dxe5 dxe5 13. Nc4 g5 14. Bg3 Nd7 15. Na5 Qe6 16. Nxc6 Qxc6 17. Qd5 Qxd5 18. exd5 f6 19. Nd4 Kf7 20. Ne6 Rhc8 21. Rad1 Nf8 22. Nxg7 Kxg7 23. d6 c5 24. f3 Rc6 25. Rd5 Rd8 26. Red1 Kf7 27. Bf2 Nd7 28. b4 cxb4 29. cxb4 Rdc8 30. b5 Rc1 31. bxa6 Rxd1+ 32. Rxd1 bxa6 33. Be1 Rc2 34. a3 Ke6 35. Ba5 h5 36. h4 gxh4 37. Kh2 Rc4 38. Bc7 f5 39. Kh3 Rd4 40. Rxd4 exd4 41. Kxh4 d3 42. Ba5 Ne5 43. Kg5 Nc4 44. Bc3 Nxa3 45. d7 Kxd7 46. Kxf5 Nb1 0-1

[Event "FRA-ch Accession"]
[Site "Aix les Bains"]
[Date "2003.08.23"]
[Round "1"]
[White "Lecuyer, Christian"]
[Black "Humeau, Cyril"]
[Result "1/2-1/2"]
[WhiteElo "2243"]
[BlackElo "2061"]
[PlyCount "85"]
[EventDate "2003.08.19"]
[EventType "swiss"]
[EventRounds "11"]
[EventCountry "FRA"]
[SourceTitle "EXT 2004"]
[Source "ChessBase"]
[SourceDate "2003.11.25"]
[SourceVersion "1"]
[SourceVersionDate "2003.11.25"]
[SourceQuality "1"]

1. c4 c5 2. Nf3 Nf6 3. Nc3 g6 4. e4 d6 5. d4 cxd4 6. Nxd4 Bg7 7. Be2 Nc6 8. Be3 0-0 9. 0-0 Bd7 10. Rc1 Re8 11. b3 a6 12. f3 Qa5 13. Qd2 Nxd4 14. Bxd4 b5 15. Rfd1 Red8 16. Qe3 Rab8 17. e5 dxe5 18. Bxe5 Rbc8 19. Bd4 Be6 20. Bb6 Rxd1+ 21. Rxd1 Qb4 22. Nd5 Bxd5 23. cxd5 Qd6 24. Ba5 Nxd5 25. Qa7 e6 26. a4 bxa4 27. bxa4 Qc5+ 28. Qxc5 Rxc5 29. Be1 a5 30. Bb5 Bc3 31. Bf2 Rc8 32. Rc1 Rc7 33. Kf1 f6 34. g3 Kf7 35. Ke2 Ke7 36. h4 Be5 37. Rxc7+ Bxc7 38. Kd3 Bb6 39. Be1 Kd6 40. Bc4 f5 41. Bb5 e5 42. Ba6 Kc6 43. Bb5+ 1/2-1/2

[Event "Paris NAO IM 3rd"]
[Site "Paris"]
[Date "2003.02.16"]
[Round "4"]
[White "Le Roy, Brice"]
[Black "Lecuyer, Christian"]
[Result "1-0"]
[WhiteElo "2302"]
[BlackElo "2299"]
[PlyCount "115"]
[EventDate "2003.02.13"]
[EventType "tourn"]
[EventRounds "9"]
[EventCountry "FRA"]
[EventCategory "4"]
[SourceTitle "EXT 2005"]
[Source "ChessBase"]
[SourceDate "2004.11.15"]
[SourceVersion "1"]
[SourceVersionDate "2004.11.15"]
[SourceQuality "1"]

1. e4 e5 2. Nf3 Nc6 3. Bb5 a6 4. Ba4 Nf6 5. d4 exd4 6. 0-0 d6 7. Nxd4 Bd7 8. Nxc6 Bxc6 9. Bxc6+ bxc6 10. Qf3 Nd7 11. b3 Be7 12. Bb2 0-0 13. Nd2 Re8 14. Rad1 Bf6 15. Bxf6 Qxf6 16. Qxf6 Nxf6 17. Rfe1 Re6 18. f3 Rae8 19. Kf2 h5 20. b4 a5 21. bxa5 Ra8 22. Nb3 c5 23. Ra1 Nd7 24. Reb1 Ne5 25. a4 Nc4 26. Nc1 Nxa5 27. Na2 Ree8 28. Rb5 c6 29. Rb6 Reb8 30. Rbb1 Rxb1 31. Rxb1 Nc4 32. Nc3 g5 33. Ke2 Kg7 34. Rb7 Kf6 35. Rc7 Ke6 36. g3 Ra6 37. f4 gxf4 38. gxf4 Nb2 39. Kf3 Nxa4 40. f5+ Kf6 41. Ne2 Nc3 42. Nxc3 Ra3 43. Kf4 Rxc3 44. Rd7 Rxc2 45. Rxd6+ Ke7 46. Ke5 Rxh2 47. Rxc6 Rc2 48. Rc7+ Ke8 49. Kf6 Re2 50. e5 h4 51. Rxc5 h3 52. Rc8+ Kd7 53. Rf8 h2 54. Rxf7+ Kc6 55. Rh7 Kd5 56. e6 Kd6 57. Rd7+ Kc6 58. Rd1 1-0

[Event "Paris NAO IM 3rd"]
[Site "Paris"]
[Date "2003.02.15"]
[Round "3"]
[White "Lecuyer, Christian"]
[Black "Rainfray, Arnaud"]
[Result "1/2-1/2"]
[WhiteElo "2299"]
[BlackElo "2392"]
[PlyCount "46"]
[EventDate "2003.02.13"]
[EventType "tourn"]
[EventRounds "9"]
[EventCountry "FRA"]
[EventCategory "4"]
[SourceTitle "EXT 2005"]
[Source "ChessBase"]
[SourceDate "2004.11.15"]
[SourceVersion "1"]
[SourceVersionDate "2004.11.15"]
[SourceQuality "1"]

1. c4 e6 2. Nf3 d5 3. d4 Nf6 4. g3 Bb4+ 5. Bd2 Be7 6. Bg2 0-0 7. Qc2 Nbd7 8. 0-0 c6 9. Bf4 b6 10. cxd5 cxd5 11. Nc3 Bb7 12. Nb5 Ne4 13. Rfc1 a6 14. Qc7 Qc8 15. Nd6 Qxc7 16. Rxc7 Bxd6 17. Rxb7 Rfd8 18. Rc1 Bxf4 19. gxf4 Nd6 20. Rbc7 Rac8 21. Ne5 Nf6 22. e3 Rxc7 23. Rxc7 Rc8 1/2-1/2

[Event "Paris NAO IM 3rd"]
[Site "Paris"]
[Date "2003.02.14"]
[Round "2"]
[White "Alzaim, Talal"]
[Black "Lecuyer, Christian"]
[Result "1-0"]
[WhiteElo "2234"]
[BlackElo "2299"]
[PlyCount "89"]
[EventDate "2003.02.13"]
[EventType "tourn"]
[EventRounds "9"]
[EventCountry "FRA"]
[EventCategory "4"]
[SourceTitle "EXT 2005"]
[Source "ChessBase"]
[SourceDate "2004.11.15"]
[SourceVersion "1"]
[SourceVersionDate "2004.11.15"]
[SourceQuality "1"]

1. d4 Nf6 2. c4 e6 3. Nc3 Bb4 4. Qc2 Nc6 5. Nf3 d6 6. a3 Bxc3+ 7. Qxc3 Qe7 8. g3 0-0 9. Bg2 Ne4 10. Qc2 f5 11. b4 Bd7 12. 0-0 Rae8 13. b5 Nd8 14. a4 Nf7 15. Nd2 Nxd2 16. Qxd2 Bc8 17. Qa5 a6 18. Qc3 b6 19. Bb2 Ng5 20. Qc2 f4 21. c5 bxc5 22. dxc5 e5 23. cxd6 cxd6 24. Rac1 axb5 25. axb5 Bh3 26. Qc7 Bxg2 27. Qxe7 Rxe7 28. Kxg2 Rb8 29. Ba3 Nf7 30. Rc6 Ra7 31. Rfc1 Rxa3 32. Rc8+ Rxc8 33. Rxc8+ Nd8 34. Rxd8+ Kf7 35. Rxd6 Rb3 36. Rb6 g5 37. h3 e4 38. gxf4 gxf4 39. Rb8 Rb2 40. b6 f3+ 41. exf3 e3 42. Kf1 Rxf2+ 43. Ke1 Rb2 44. b7 Kg7 45. f4 1-0

[Event "Cannes op"]
[Site "Cannes"]
[Date "2000.02.24"]
[Round "5"]
[White "Lecuyer, Christian"]
[Black "Geenen, Marc"]
[Result "1-0"]
[WhiteElo "2270"]
[BlackElo "2358"]
[PlyCount "99"]
[EventDate "2000.02.20"]
[EventType "swiss"]
[EventRounds "9"]
[EventCountry "FRA"]
[SourceTitle "EXT 2001"]
[Source "ChessBase"]
[SourceDate "2000.11.22"]
[SourceVersion "1"]
[SourceVersionDate "2000.11.22"]
[SourceQuality "1"]

1. c4 e5 2. Nc3 Nf6 3. g3 d5 4. cxd5 Nxd5 5. Bg2 Nb6 6. Nf3 Nc6 7. d3 Be7 8. 0-0 0-0 9. a3 Be6 10. b4 a5 11. b5 Nd4 12. Rb1 Nd5 13. Nxd5 Nxf3+ 14. Bxf3 Bxd5 15. Bxd5 Qxd5 16. a4 Bc5 17. Qb3 Qd6 18. Bb2 Rad8 19. Rbd1 Rfe8 20. e3 Qd5 21. Qxd5 Rxd5 22. Rc1 b6 23. Rfd1 Red8 24. Kf1 Rxd3 25. Rxd3 Rxd3 26. Bxe5 Rd7 27. Ke2 f6 28. Bc3 Ba3 29. Rc2 Kf7 30. f4 Ke6 31. g4 Bd6 32. f5+ Kd5 33. Kd3 Be5 34. Be1 c5 35. bxc6 Rc7 36. e4+ Kd6 37. h4 Rxc6 38. Rxc6+ Kxc6 39. Kc4 h6 40. Bd2 Bg3 41. h5 Bd6 42. Bc3 Bf4 43. Bd4 Bd6 44. Bb2 Be7 45. e5 fxe5 46. Bxe5 Bf6 47. Bd4 Kd6 48. Bxb6 Ke5 49. Bxa5 Kf4 50. Bc3 1-0

[Event "Cannes op"]
[Site "Cannes"]
[Date "2000.02.22"]
[Round "3"]
[White "Lecuyer, Christian"]
[Black "Heran, Raphael"]
[Result "1-0"]
[WhiteElo "2270"]
[BlackElo "2045"]
[PlyCount "93"]
[EventDate "2000.02.20"]
[EventType "swiss"]
[EventRounds "9"]
[EventCountry "FRA"]
[SourceTitle "EXT 2001"]
[Source "ChessBase"]
[SourceDate "2000.11.22"]
[SourceVersion "1"]
[SourceVersionDate "2000.11.22"]
[SourceQuality "1"]

1. c4 e5 2. Nc3 Nf6 3. g3 c6 4. d4 exd4 5. Qxd4 d5 6. cxd5 cxd5 7. Nf3 Nc6 8. Qa4 Be7 9. Bg2 0-0 10. 0-0 Be6 11. Rd1 Bc5 12. Bg5 Qb6 13. Bxf6 Bxf2+ 14. Kf1 gxf6 15. Nxd5 Bxd5 16. Rxd5 Qxb2 17. Rad1 Rae8 18. R5d2 Qb6 19. Bh3 Ne5 20. Bf5 Ng6 21. Rd6 Qe3 22. Qc2 Ne5 23. Kg2 Nxf3 24. exf3 Be1 25. R6d3 Qb6 26. Bxh7+ Kg7 27. Be4 Ba5 28. Rb3 Qa6 29. Rd5 Rh8 30. h4 Rc8 31. Qb2 b6 32. Rbd3 Rc5 33. Rg5+ Rxg5 34. hxg5 b5 35. Ra3 Kf8 36. Qxf6 Qxf6 37. gxf6 Bb6 38. Rd3 Rh5 39. Rd7 Rc5 40. Rb7 Ke8 41. g4 Rc8 42. g5 Rd8 43. Bc6+ Kf8 44. f4 b4 45. Kf3 Rd6 46. Bb5 Rd4 47. Ba4 1-0

[Event "FRA-ch qual"]
[Site "Bescanon"]
[Date "1999.08.24"]
[Round "7"]
[White "Lecuyer, Christian"]
[Black "Collas, Didier"]
[Result "1-0"]
[WhiteElo "2252"]
[BlackElo "2354"]
[PlyCount "75"]
[EventDate "1999.08.18"]
[EventType "swiss"]
[EventRounds "11"]
[EventCountry "FRA"]
[SourceTitle "EXT 2000"]
[Source "ChessBase"]
[SourceDate "1999.11.16"]
[SourceVersion "1"]
[SourceVersionDate "1999.11.16"]
[SourceQuality "1"]

1. c4 e6 2. Nc3 d5 3. d4 c6 4. Nf3 Nf6 5. Bg5 h6 6. Bxf6 Qxf6 7. e3 Nd7 8. Bd3 dxc4 9. Bxc4 e5 10. 0-0 exd4 11. exd4 Be7 12. Ne4 Qg6 13. Bd3 0-0 14. Ng3 Qf6 15. Re1 Nb6 16. Bc2 Nd5 17. Qd3 g6 18. a3 Rd8 19. Ne5 Bf8 20. Ne4 Qf5 21. Qb3 Qe6 22. Qg3 Bg7 23. Bb3 Qf5 24. Rac1 g5 25. h3 Qf4 26. Qxf4 gxf4 27. Nc5 Rb8 28. Re4 h5 29. Bxd5 Rxd5 30. Rce1 Bh6 31. Nf3 Bf5 32. Re8+ Rxe8 33. Rxe8+ Kg7 34. Nxb7 Rb5 35. Nd6 Rd5 36. Nxf5+ Rxf5 37. Re5 Kg6 38. Nh4+ 1-0

[Event "FRA-ch qual"]
[Site "Bescanon"]
[Date "1999.08.21"]
[Round "4"]
[White "Vincent, Damien"]
[Black "Lecuyer, Christian"]
[Result "0-1"]
[WhiteElo "2171"]
[BlackElo "2252"]
[PlyCount "120"]
[EventDate "1999.08.18"]
[EventType "swiss"]
[EventRounds "11"]
[EventCountry "FRA"]
[SourceTitle "EXT 2000"]
[Source "ChessBase"]
[SourceDate "1999.11.16"]
[SourceVersion "1"]
[SourceVersionDate "1999.11.16"]
[SourceQuality "1"]

1. e4 e5 2. Nf3 Nc6 3. Bb5 g6 4. 0-0 Bg7 5. c3 d6 6. d4 Bd7 7. Be3 a6 8. Ba4 Qe7 9. d5 Nb8 10. Bxd7+ Nxd7 11. c4 Ngf6 12. Nc3 Ng4 13. Qd2 Nxe3 14. Qxe3 0-0 15. b4 f5 16. Qe2 Rf7 17. a3 Raf8 18. Ne1 Nf6 19. Nd3 Nh5 20. f3 Nf4 21. Qc2 Qg5 22. Rae1 Bh6 23. Nxf4 Qxf4 24. Qd3 Qd2 25. Rd1 Be3+ 26. Kh1 Qxd3 27. Rxd3 Bd4 28. Re1 Kg7 29. Nb1 h5 30. Nd2 Kh6 31. g3 b5 32. Kg2 Ra8 33. Rc1 a5 34. cxb5 axb4 35. axb4 Ra2 36. Kh3 Rb2 37. exf5 gxf5 38. f4 Rxb4 39. fxe5 Bxe5 40. Rb1 Rxb1 41. Nxb1 Rf8 42. Nd2 Rb8 43. Rb3 Bd4 44. Nc4 Bc5 45. Kg2 Ra8 46. Kf3 Ra2 47. Ne3 Kg6 48. h3 Kf6 49. Rd3 Rb2 50. g4 fxg4+ 51. hxg4 Bxe3 52. Rxe3 hxg4+ 53. Kxg4 Rxb5 54. Rc3 Rc5 55. Rxc5 dxc5 56. Kf4 c4 57. Ke4 c3 58. Kd3 Ke5 59. d6 cxd6 60. Kxc3 Ke4 0-1

[Event "FRA-chT"]
[Site "France"]
[Date "1999.??.??"]
[Round "1"]
[White "Berthelot, Yannick"]
[Black "Lecuyer, Christian"]
[Result "1-0"]
[WhiteElo "2327"]
[BlackElo "2265"]
[PlyCount "143"]
[EventDate "1999.02.??"]
[EventType "team-tourn"]
[EventRounds "11"]
[EventCountry "FRA"]
[SourceTitle "EXT 2000"]
[Source "ChessBase"]
[SourceDate "1999.11.16"]
[SourceVersion "1"]
[SourceVersionDate "1999.11.16"]
[SourceQuality "1"]

1. e4 e5 2. Nf3 Nc6 3. d4 exd4 4. Nxd4 Bc5 5. Nxc6 Qf6 6. Qd2 dxc6 7. Nc3 Be6 8. Na4 Rd8 9. Bd3 Bd4 10. 0-0 b5 11. c3 bxa4 12. cxd4 Qxd4 13. Qg5 Ne7 14. Rd1 Qxe4 15. f3 Qd5 16. Qe3 Nf5 17. Qxa7 0-0 18. Qxa4 Qc5+ 19. Kh1 Rd4 20. Qc2 Qxc2 21. Bxc2 Rxd1+ 22. Bxd1 Rd8 23. Ba4 h6 24. Kg1 Bc4 25. Kf2 Bb5 26. Bc2 Nd4 27. Bd1 c5 28. Be3 Bd3 29. Rc1 c4 30. Bxd4 Rxd4 31. Ke3 c5 32. Be2 f5 33. Bxd3 f4+ 34. Kd2 Rxd3+ 35. Ke2 Rd4 36. a4 c3 37. Rxc3 Rxa4 38. Rxc5 Rb4 39. Rc2 Rb3 40. Kd2 Kf7 41. Kc1 Kf6 42. Re2 g5 43. Kc2 Rb8 44. Re4 Kf5 45. b4 h5 46. Kb3 g4 47. Rc4 gxf3 48. gxf3 Ke5 49. Re4+ Kf5 50. Re2 h4 51. Rb2 Ke5 52. Kc3 Rc8+ 53. Kd3 Rd8+ 54. Ke2 Rg8 55. Kf1 Rg6 56. b5 Rb6 57. Kg2 Kf5 58. Rb4 Kg5 59. Kf2 Kf5 60. Ke2 h3 61. Kd3 Ke5 62. Re4+ Kf5 63. Kc4 Rg6 64. Re2 Rg2 65. Kd3 Rg8 66. b6 Rb8 67. Rb2 Ke5 68. b7 Kd5 69. Rb1 Ke5 70. Kc4 Ke6 71. Kc5 Ke5 72. Rb4 1-0

[Event "Cannes"]
[Site "Cannes"]
[Date "1999.??.??"]
[Round "3"]
[White "Lecuyer, Christian"]
[Black "Hamdouchi, Hicham"]
[Result "0-1"]
[WhiteElo "2265"]
[BlackElo "2564"]
[PlyCount "86"]
[EventDate "1999.02.??"]
[EventType "k.o."]
[EventRounds "7"]
[EventCountry "FRA"]
[SourceTitle "EXT 2000"]
[Source "ChessBase"]
[SourceDate "1999.11.16"]
[SourceVersion "1"]
[SourceVersionDate "1999.11.16"]
[SourceQuality "1"]

1. d4 Nf6 2. Nf3 e6 3. c4 c5 4. e3 g6 5. Nc3 Bg7 6. Be2 0-0 7. 0-0 d6 8. b3 b6 9. Bb2 Bb7 10. Qc2 Na6 11. Rad1 Qe7 12. e4 cxd4 13. Nxd4 Nc5 14. f3 a6 15. Rfe1 e5 16. b4 exd4 17. bxc5 dxc3 18. cxd6 Qe6 19. Bxc3 Nd7 20. Bxg7 Kxg7 21. c5 Nxc5 22. Qb2+ Kg8 23. Qxb6 Rac8 24. e5 Ba8 25. Bf1 Nd7 26. Qxa6 Rc2 27. a4 Rb8 28. Qa7 Bc6 29. Qd4 Rbb2 30. Rc1 Rd2 31. Qf4 Qd5 32. Kh1 Rd4 33. Qe3 Bxa4 34. Qc3 Rbb4 35. Qc8+ Kg7 36. Qd8 Rb8 37. Qe7 Qe6 38. Qxe6 fxe6 39. Rc7 Kh6 40. Bc4 Nxe5 41. Bxe6 Rxd6 42. Ba2 Rd2 43. h4 Nxf3 0-1

[Event "FRA-chT"]
[Site "France"]
[Date "1998.05.08"]
[Round "8"]
[White "Buchy, Daniel"]
[Black "Lecuyer, Christian"]
[Result "1/2-1/2"]
[WhiteElo "2215"]
[BlackElo "2265"]
[PlyCount "132"]
[EventDate "1998.02.06"]
[EventType "team-tourn"]
[EventRounds "11"]
[EventCountry "FRA"]
[SourceTitle "CBM 064 Extra"]
[Source "ChessBase"]
[SourceDate "1998.07.07"]
[SourceVersion "1"]
[SourceVersionDate "1998.07.07"]
[SourceQuality "1"]

1. f4 d5 2. Nf3 Nf6 3. e3 g6 4. d4 Bg7 5. Be2 0-0 6. 0-0 c5 7. c3 Nc6 8. Qe1 Qb6 9. Nbd2 a5 10. Ne5 a4 11. a3 Nxe5 12. fxe5 Ne8 13. Kh1 Nc7 14. Bd3 Bd7 15. Nf3 Bb5 16. Qe2 Bxd3 17. Qxd3 Qa6 18. Qxa6 Rxa6 19. Ne1 c4 20. Nc2 f6 21. Nb4 Re6 22. e4 fxe5 23. Rxf8+ Kxf8 24. exd5 Rf6 25. Be3 Rf5 26. dxe5 Bxe5 27. g4 Rf3 28. Bh6+ Ke8 29. Kg2 Rf7 30. Be3 Bd6 31. Rd1 Kd7 32. Bb6 h5 33. Rd4 Rf4 34. gxh5 gxh5 35. Rd2 Rh4 36. h3 Rf4 37. Bxc7 Kxc7 38. Nc2 Rf5 39. Ne3 Rg5+ 40. Kf2 b5 41. Ng2 Rg3 42. h4 Rh3 43. Re2 Bc5+ 44. Ke1 Rh1+ 45. Kd2 Rb1 46. Kc2 Rf1 47. Re6 Rf2+ 48. Kb1 Bd6 49. Ne3 Rf4 50. Ng2 Rf1+ 51. Ka2 Rf2 52. Ne3 Rf4 53. Ng2 Rg4 54. Ne3 Rf4 55. Ng2 Rf5 56. Ne3 Rf3 57. Ng2 Kd7 58. Ne3 Bg3 59. Nc2 Bxh4 60. Re5 Bf6 61. Rxh5 Rf2 62. Kb1 Rf1+ 63. Ka2 Kd6 64. Rh2 Rd1 65. Nb4 Kd7 66. Re2 Bg5 1/2-1/2